| 000 -LEADER |
| fixed length control field |
01384pab a2200181 454500 |
| 008 - FIXED-LENGTH DATA ELEMENTS--GENERAL INFORMATION |
| fixed length control field |
180718b2014 xxu||||| |||| 00| 0 eng d |
| 100 ## - MAIN ENTRY--PERSONAL NAME |
| Personal name |
O'Loughlin, Mary Ann |
| 245 ## - TITLE STATEMENT |
| Title |
Accounting for gender: the role of the COAG reform council in tracking outcomes for women and girls across Australia |
| 260 ## - PUBLICATION, DISTRIBUTION, ETC. |
| Date of publication, distribution, etc. |
2014 |
| 300 ## - PHYSICAL DESCRIPTION |
| Extent |
p.373-382. |
| 362 ## - DATES OF PUBLICATION AND/OR SEQUENTIAL DESIGNATION |
| Dates of publication and/or sequential designation |
Sep |
| 520 ## - SUMMARY, ETC. |
| Summary, etc. |
The COAG Reform Council has played a critical role in tracking progress, nationally and on a state-by-state basis, against the COAG reform agenda. The council has analysed and publicly reported on government's performance against outcomes, performance indicators and targets agreed by COAG. However, until 2013 gender analysis was not directly incorporated in the assessment of government's performance. The council's first report on gender, Tracking equity: Comparing outcomes for women and girls across Australia, redressed this omission. This article explores how taking account of gender greatly enriches our understanding of governments performance in critical areas, and enhances public accountability as a result . An understanding of gender differences also provides a better basis for government decision-making on ways to improve outcomes. - Reproduced. |
| 650 ## - SUBJECT ADDED ENTRY--TOPICAL TERM |
| Topical term or geographic name entry element |
Women - Australia |
| 650 ## - SUBJECT ADDED ENTRY--TOPICAL TERM |
| Topical term or geographic name entry element |
Women |
| 773 ## - HOST ITEM ENTRY |
| Main entry heading |
Australian Journal of Public Administration |
| 908 ## - PUT COMMAND PARAMETER (RLIN) |
| Put command parameter |
N |
| 909 ## - |
| -- |
105921 |